Most Populous Cities in 1600 - Statistics

General Stats
  • This quiz has been taken 322 times
  • The average score is 5 of 10
Answer Stats
Population Cities % Correct
245,000 Paris
93%
706,000 Beijing
90%
700,000 Istanbul
86%
200,000 Cairo
65%
300,000 Kyoto
46%
224,000 Naples
43%
194,000 Nanjing
29%
275,000 Hangzhou
17%
190,000 Ahmedabad
2%
200,000 Bijapur
0%
No matching quizzes found
Score Distribution
Percent of People with Each Score
Percentile by Number Answered
Your Score History
You have not taken this quiz